The Hellenic heritage : two lectures dealing with Greek culture: ancient, Byzantine, and modern

Αποθηκεύτηκε σε:
Λεπτομέρειες βιβλιογραφικής εγγραφής
Κύριος συγγραφέας: Καβαρνός, Κωνσταντίνος Π.
Μορφή: Βιβλίο
Γλώσσα:English
Δημοσίευση: Belmont, Mass. : Institute for Byzantine and Modern Greek studies, 1999
Έκδοση:1st ed.
Θέματα:
Ετικέτες: Προσθήκη ετικέτας
Δεν υπάρχουν, Καταχωρήστε ετικέτα πρώτοι!

MARC

LEADER 00000cam a2200000 i 4500
001 1/24762
008 060221s1999 eng d
020 |a 1-884729-51-7 (pbk.) 
020 |a 1-884729-50-9 (hbk.) 
035 |l 10082746 
040 |a GR-MY-UA  |b gre  |e aacr 
041 0 |a eng 
082 0 |a 938  |2 (22) 
100 1 |a Καβαρνός, Κωνσταντίνος Π. 
245 1 4 |a The Hellenic heritage :  |b two lectures dealing with Greek culture: ancient, Byzantine, and modern /  |c by Constantine Cavarnos 
250 |a 1st ed. 
260 |a Belmont, Mass. :   |b Institute for Byzantine and Modern Greek studies,   |c 1999 
300 |a 128 σ.;  |c 23 εκ. 
504 |a Περιέχει βιβλιογραφία και ευρετήρια 
651 0 |a Greece  |x Civilization. 
852 |a INST  |b LESVOS  |e 20060221  |h 938 ΚΑΒ  |p 005100034556  |q 005100034556  |t BK  |y 0 
901 |a BIBL1-2006-1 
909 |a Λ  |b 125932 
970 |a ΚΑΡΑ  |b ΓΙΑΣΕΜΗ  |z 2006/02/21